[Event "Genova Bombrini op"]
[Site "Genova"]
[Date "2014.10.03"]
[Round "1"]
[White "Grasso, Gabriele"]
[Black "Collareta, Giovanni"]
[Result "0-1"]
[WhiteElo "1715"]
[BlackElo "2080"]
[PlyCount "78"]
[EventDate "2014.10.03"]
[EventType "swiss"]
[EventRounds "5"]
[EventCountry "ITA"]
[SourceTitle "EXT 2016"]
[Source "ChessBase"]
[SourceDate "2015.10.08"]
[SourceVersion "1"]
[SourceVersionDate "2015.10.08"]
[SourceQuality "1"]

1. d4 d5 2. c4 c6 3. Nf3 Nf6 4. Qc2 g6 5. Bf4 Bg7 6. e3 0-0 7. Be2 Na6 8. 0-0 dxc4 9. Bxc4 Nb4 10. Qb3 Nfd5 11. Be5 a5 12. a4 Nb6 13. Bxg7 Kxg7 14. Bd3 Be6 15. Qd1 Nxd3 16. Qxd3 Bc4 17. Qe4 Bxf1 18. Kxf1 Qd5 19. Qxd5 Nxd5 20. Nbd2 b5 21. Ne5 Rfc8 22. Nd7 Ra7 23. Nc5 Rb8 24. Rc1 Nb6 25. b3 bxa4 26. bxa4 Nd5 27. Ndb3 Rb4 28. Ke1 e6 29. Kd2 Kf8 30. Rc2 Ke7 31. Rc1 Nb6 32. Ra1 Nd7 33. Kc2 Nxc5 34. Nxc5 e5 35. Rd1 f6 36. Kc3 exd4+ 37. exd4 Kf7 38. Re1 Re7 39. Rxe7+ Kxe7 0-1

[Event "Politiken Cup 36th"]
[Site "Helsingor"]
[Date "2014.07.29"]
[Round "10"]
[White "Rewitz, Poul"]
[Black "Collareta, Giovanni"]
[Result "1-0"]
[WhiteElo "2218"]
[BlackElo "2095"]
[PlyCount "37"]
[EventDate "2014.07.21"]
[EventType "swiss"]
[EventRounds "10"]
[EventCountry "DEN"]
[SourceTitle "CBM 161 Extra"]
[Source "ChessBase"]
[SourceDate "2014.08.29"]
[SourceVersion "1"]
[SourceVersionDate "2014.08.29"]
[SourceQuality "1"]

1. e4 c5 2. b4 cxb4 3. a3 d5 4. exd5 Nf6 5. axb4 Nxd5 6. b5 e6 7. Nf3 Be7 8. c4 Bf6 9. d4 Ne7 10. Be2 b6 11. 0-0 Bb7 12. Bb2 0-0 13. Qc2 Nd7 14. Rd1 Qc7 15. Nbd2 g6 16. Ne4 Bg7 17. Ba3 Bxe4 18. Qxe4 Rfe8 19. Bxe7 1-0

[Event "Politiken Cup 36th"]
[Site "Helsingor"]
[Date "2014.07.22"]
[Round "2"]
[White "Collareta, Giovanni"]
[Black "Smirnov, Anton"]
[Result "0-1"]
[WhiteElo "2095"]
[BlackElo "2334"]
[PlyCount "98"]
[EventDate "2014.07.21"]
[EventType "swiss"]
[EventRounds "10"]
[EventCountry "DEN"]
[SourceTitle "CBM 161 Extra"]
[Source "ChessBase"]
[SourceDate "2014.08.29"]
[SourceVersion "1"]
[SourceVersionDate "2014.08.29"]
[SourceQuality "1"]

1. c4 e5 2. g3 Nf6 3. Bg2 c6 4. d4 exd4 5. Qxd4 Na6 6. Nc3 Bc5 7. Qe5+ Be7 8. Nf3 0-0 9. 0-0 Re8 10. Qf4 Bb4 11. Bd2 Nc5 12. Nd4 d6 13. Rfd1 h6 14. Be1 Bxc3 15. Bxc3 Nce4 16. Be1 Qe7 17. Nf5 Bxf5 18. Qxf5 d5 19. cxd5 Nxd5 20. Bxe4 Qxe4 21. Qxe4 Rxe4 22. e3 Rae8 23. Rac1 f5 24. Bc3 Kh7 25. Bd4 a6 26. h4 g5 27. hxg5 hxg5 28. Rd3 Kg6 29. Kg2 Rf8 30. Kf3 Rf7 31. a3 g4+ 32. Kg2 f4 33. exf4 Rfxf4 34. Rcd1 Rf7 35. Rh1 Rd7 36. Rhd1 Re2 37. Kf1 Re8 38. Re1 Rxe1+ 39. Kxe1 Kf5 40. Be3 Ke4 41. Rb3 Rc7 42. Bb6 Rf7 43. Ke2 Rf3 44. Be3 b5 45. Rd3 c5 46. b3 Nxe3 47. Rxe3+ Rxe3+ 48. fxe3 c4 49. bxc4 bxc4 0-1

[Event "Politiken Cup 35th"]
[Site "Helsingor"]
[Date "2013.08.01"]
[Round "7"]
[White "Jacobsen, Fredrik Beer"]
[Black "Collareta, Giovanni"]
[Result "0-1"]
[WhiteElo "1935"]
[BlackElo "2108"]
[PlyCount "70"]
[EventDate "2013.07.27"]
[EventType "swiss"]
[EventRounds "10"]
[EventCountry "DEN"]
[SourceTitle "CBM 155 Extra"]
[Source "ChessBase"]
[SourceDate "2013.08.26"]
[SourceVersion "1"]
[SourceVersionDate "2013.08.26"]
[SourceQuality "1"]

1. e4 c5 2. Nc3 Nc6 3. Bb5 Nd4 4. Bc4 e6 5. Nge2 g6 6. 0-0 Ne7 7. d3 Bg7 8. Nxd4 cxd4 9. Ne2 0-0 10. f4 Kh8 11. f5 exf5 12. exf5 Nxf5 13. g4 Ne3 14. Bxe3 dxe3 15. Bxf7 d5 16. Nc3 d4 17. Ne4 Qd7 18. Qf3 Qxg4+ 19. Qxg4 Bxg4 20. Bd5 Bh6 21. Nd6 e2 22. Rxf8+ Rxf8 23. Nf7+ Kg7 24. Nxh6 Kxh6 25. Bxb7 Rb8 26. Bd5 Rxb2 27. Bb3 Kg5 28. Kf2 Kf4 29. Rg1 g5 30. a4 a5 31. Re1 Bf3 32. Rg1 g4 33. Re1 h5 34. Rc1 h4 35. Rg1 g3+ 0-1

[Event "Politiken Cup 35th"]
[Site "Helsingor"]
[Date "2013.07.30"]
[Round "5"]
[White "Bekker Jensen, David"]
[Black "Collareta, Giovanni"]
[Result "1-0"]
[WhiteElo "2310"]
[BlackElo "2108"]
[PlyCount "51"]
[EventDate "2013.07.27"]
[EventType "swiss"]
[EventRounds "10"]
[EventCountry "DEN"]
[SourceTitle "CBM 155 Extra"]
[Source "ChessBase"]
[SourceDate "2013.08.26"]
[SourceVersion "1"]
[SourceVersionDate "2013.08.26"]
[SourceQuality "1"]

1. d4 d5 2. c4 c6 3. Nc3 Nf6 4. e3 a6 5. Nf3 b5 6. b3 Bg4 7. Be2 e6 8. 0-0 Nbd7 9. Bb2 Bd6 10. h3 Bxf3 11. Bxf3 0-0 12. e4 b4 13. Nxd5 cxd5 14. e5 Rc8 15. exd6 dxc4 16. bxc4 Rxc4 17. d5 exd5 18. Bxd5 Nxd5 19. Qxd5 Rc5 20. Qd4 Qg5 21. f4 Qh6 22. Rac1 Rfc8 23. Rxc5 Rxc5 24. Re1 Rc8 25. Re7 Rd8 26. Qc4 1-0

[Event "Politiken Cup 35th"]
[Site "Helsingor"]
[Date "2013.07.29"]
[Round "4"]
[White "Collareta, Giovanni"]
[Black "Marshall, Michael"]
[Result "1-0"]
[WhiteElo "2108"]
[BlackElo "1839"]
[PlyCount "109"]
[EventDate "2013.07.27"]
[EventType "swiss"]
[EventRounds "10"]
[EventCountry "DEN"]
[SourceTitle "CBM 155 Extra"]
[Source "ChessBase"]
[SourceDate "2013.08.26"]
[SourceVersion "1"]
[SourceVersionDate "2013.08.26"]
[SourceQuality "1"]

1. c4 c5 2. Nf3 g6 3. g3 Bg7 4. Bg2 Nc6 5. 0-0 e5 6. Nc3 Nge7 7. d3 d6 8. a3 0-0 9. Rb1 a5 10. Bd2 h6 11. Ne1 Be6 12. Nd5 Rb8 13. Nc2 b5 14. b4 axb4 15. axb4 bxc4 16. dxc4 cxb4 17. Ncxb4 Qd7 18. Nxc6 Nxc6 19. Bxh6 Rxb1 20. Qxb1 Nd4 21. Bxg7 Nxe2+ 22. Kh1 Kxg7 23. Qb2 Nd4 24. f4 f6 25. Ra1 Nc6 26. Ra6 Rb8 27. Rb6 Rxb6 28. Qxb6 Qa7 29. Qc7+ Qxc7 30. Nxc7 Bd7 31. Nb5 Nd4 32. Nxd6 exf4 33. gxf4 Bc6 34. Bxc6 Nxc6 35. Kg2 Kf8 36. h4 Ke7 37. Nb5 Kd7 38. Kf3 Na5 39. Na3 f5 40. Ke3 Nb3 41. Nb5 Ke7 42. Nd4 Nc5 43. Nc6+ Kf6 44. Ne5 Ne6 45. Nd3 Ke7 46. Kd2 Kd6 47. Kc3 Kc7 48. c5 Kc8 49. Kc4 Kb7 50. Kd5 Nf8 51. Kd6 Kc8 52. Ne5 Kd8 53. c6 Kc8 54. Ke7 Nh7 55. Kf7 1-0

[Event "Genova op 10th"]
[Site "Genova"]
[Date "2006.08.09"]
[Round "3"]
[White "Collareta, Giovanni"]
[Black "Ferretti, Folco"]
[Result "0-1"]
[WhiteElo "2098"]
[BlackElo "2254"]
[PlyCount "114"]
[EventDate "2006.08.07"]
[EventType "swiss"]
[EventRounds "9"]
[EventCountry "ITA"]
[SourceTitle "CBM 113 Extra"]
[Source "ChessBase"]
[SourceDate "2006.09.14"]
[SourceVersion "1"]
[SourceVersionDate "2006.09.14"]
[SourceQuality "1"]

1. c4 Nf6 2. Nf3 c5 3. Nc3 d5 4. cxd5 Nxd5 5. d4 Nxc3 6. bxc3 g6 7. e3 Bg7 8. Bd3 0-0 9. 0-0 Qc7 10. Ba3 Nd7 11. Rb1 b6 12. Be4 Rb8 13. Qa4 Nf6 14. Bd3 Bd7 15. Qa6 Bc6 16. Ne5 Bb7 17. Qxa7 Nd5 18. Ba6 Bxe5 19. dxe5 Bxa6 20. Qxa6 Nxc3 21. Rb3 Ne4 22. Rc1 Rfd8 23. e6 f6 24. f3 Ng5 25. e4 Rd2 26. g3 Qd8 27. Qc4 Nh3+ 28. Kh1 Rxa2 29. Bb2 Rba8 30. Qd5 Ng5 31. Rb1 Qc7 32. Rd3 c4 33. Qd7 Rc8 34. Rc3 Qxd7 35. exd7 Rd8 36. h4 Nf7 37. Rxc4 Rxd7 38. Rb4 Rd3 39. Rf1 Rd2 40. Rb1 Ne5 41. Bxe5 Rh2+ 42. Kg1 Rag2+ 43. Kf1 fxe5 44. Rxb6 Rxg3 45. Re6 Kf7 46. Rxe5 Kf6 47. f4 Rf3+ 48. Kg1 Rxf4 49. Rxe7 Rfxh4 50. Rbb7 h5 51. Rf7+ Kg5 52. Rb5+ Kh6 53. Re5 Re2 54. Rfe7 Rhh2 55. Rf7 h4 56. Re8 h3 57. Rf3 Reg2+ 0-1

[Event "Montecatini Terme op 8th"]
[Site "Montecatini Terme"]
[Date "1999.07.31"]
[Round "1"]
[White "Collareta, Giovanni"]
[Black "Badea, Bela"]
[Result "0-1"]
[WhiteElo "2163"]
[BlackElo "2479"]
[PlyCount "78"]
[EventDate "1999.07.31"]
[EventType "swiss"]
[EventRounds "9"]
[EventCountry "ITA"]
[SourceTitle "EXT 2000"]
[Source "ChessBase"]
[SourceDate "1999.11.16"]
[SourceVersion "1"]
[SourceVersionDate "1999.11.16"]
[SourceQuality "1"]

1. c4 g6 2. g3 Bg7 3. Bg2 e5 4. Nc3 Ne7 5. d3 0-0 6. Rb1 c6 7. e4 d6 8. Nf3 a6 9. 0-0 b5 10. a3 h6 11. cxb5 axb5 12. d4 exd4 13. Nxd4 Nd7 14. b3 Rb8 15. Bb2 Ne5 16. Qd2 Qb6 17. Kh1 f5 18. Rbd1 fxe4 19. Nxe4 d5 20. Nc3 Kh7 21. f4 Ng4 22. h3 Qxd4 23. Qxd4 Bxd4 24. Rxd4 Ne3 25. Rc1 N7f5 26. Rd3 Nxg3+ 27. Kh2 Nxg2 28. Nxd5 Nh5 29. Rxc6 Rf7 30. Be5 Bb7 31. Rb6 Ne1 32. Rc3 Rd8 33. Bc7 Rxd5 34. Rxb7 Rd3 35. Rxd3 Nxd3 36. a4 bxa4 37. bxa4 Nc5 38. Ra7 Nxa4 39. Rxa4 Rxc7 0-1

[Event "St Raphael op"]
[Site "St Raphael"]
[Date "1998.??.??"]
[Round "?"]
[White "Collareta, Giovanni"]
[Black "Safranska, Anda"]
[Result "1-0"]
[WhiteElo "2195"]
[BlackElo "2295"]
[PlyCount "31"]
[EventDate "1998.??.??"]
[EventType "swiss"]
[EventRounds "7"]
[EventCountry "FRA"]
[SourceTitle "EXT 2000"]
[Source "ChessBase"]
[SourceDate "1999.11.16"]
[SourceVersion "1"]
[SourceVersionDate "1999.11.16"]
[SourceQuality "1"]

1. c4 Nf6 2. Nf3 g6 3. g3 Bg7 4. Bg2 d6 5. 0-0 0-0 6. Nc3 Nc6 7. d4 a6 8. h3 Bd7 9. Be3 Rb8 10. Nd2 e5 11. dxe5 dxe5 12. Nd5 Nd4 13. Bg5 Ne6 14. Bxf6 Bxf6 15. Nxf6+ Qxf6 16. Ne4 1-0

[Event "Celle Ligure op"]
[Site "Celle Ligure"]
[Date "1996.??.??"]
[Round "9"]
[White "Ayza Ballester, Jordi"]
[Black "Collareta, Giovanni"]
[Result "1-0"]
[WhiteElo "2310"]
[BlackElo "2250"]
[PlyCount "87"]
[EventDate "1996.??.??"]
[EventType "swiss"]
[EventRounds "9"]
[EventCountry "ITA"]
[SourceTitle "EXT 1999"]
[Source "ChessBase"]
[SourceDate "1998.11.16"]
[SourceVersion "1"]
[SourceVersionDate "1998.11.16"]
[SourceQuality "1"]

1. e4 c5 2. Nf3 e6 3. Nc3 d6 4. d4 cxd4 5. Nxd4 Nf6 6. Bd3 a6 7. 0-0 Be7 8. Kh1 b5 9. a3 0-0 10. f4 Qc7 11. Qf3 Nbd7 12. Nb3 Bb7 13. Qh3 Rac8 14. Bd2 Rfe8 15. Rae1 Bf8 16. e5 dxe5 17. fxe5 Nxe5 18. Rxe5 Qxe5 19. Rxf6 g6 20. Rf1 Qg7 21. Be4 f5 22. Bh6 Qc7 23. Bxb7 Qxb7 24. Bxf8 Kxf8 25. Qe3 Kg8 26. Nc5 Qc6 27. b4 Rcd8 28. Ne2 e5 29. Ng1 a5 30. Nf3 axb4 31. axb4 Qd5 32. c3 Ra8 33. Re1 Ra2 34. h3 e4 35. Nd4 Qc4 36. Qg3 Kh8 37. Nd7 Ra3 38. Nf6 Rxc3 39. Qd6 Rc1 40. Nxe8 Rxe1+ 41. Kh2 Qf7 42. Qe5+ Kg8 43. Nf6+ Kh8 44. Ne6 1-0

[Event "Celle Ligure op"]
[Site "Celle Ligure"]
[Date "1996.??.??"]
[Round "8"]
[White "Collareta, Giovanni"]
[Black "Vismara, Daniele"]
[Result "1-0"]
[WhiteElo "2250"]
[BlackElo "2235"]
[PlyCount "73"]
[EventDate "1996.??.??"]
[EventType "swiss"]
[EventRounds "9"]
[EventCountry "ITA"]
[SourceTitle "EXT 1999"]
[Source "ChessBase"]
[SourceDate "1998.11.16"]
[SourceVersion "1"]
[SourceVersionDate "1998.11.16"]
[SourceQuality "1"]

1. c4 Nf6 2. Nf3 g6 3. g3 Bg7 4. Bg2 d6 5. Nc3 e5 6. 0-0 0-0 7. d3 h6 8. Rb1 Be6 9. b4 Qc8 10. Qb3 Bh3 11. Nd5 Nxd5 12. cxd5 Bxg2 13. Kxg2 b5 14. Bb2 c6 15. Rfc1 Qd7 16. Rc2 cxd5 17. Qxd5 Na6 18. Bxe5 Bxe5 19. Nxe5 Qf5 20. Qxd6 Rfd8 21. Qxa6 Qxe5 22. Rbc1 h5 23. h4 Kg7 24. Qb7 Re8 25. Rc7 Qf5 26. Rxf7+ Qxf7 27. Rc7 Qxc7 28. Qxc7+ Kh6 29. Qf4+ Kh7 30. Qc7+ Kh6 31. e3 Rf8 32. d4 Rac8 33. Qe7 Rf5 34. e4 Rff8 35. d5 Rce8 36. Qg5+ Kg7 37. Qe3 1-0

[Event "Celle Ligure op"]
[Site "Celle Ligure"]
[Date "1996.??.??"]
[Round "4"]
[White "Sulava, Nenad"]
[Black "Collareta, Giovanni"]
[Result "1-0"]
[WhiteElo "2480"]
[BlackElo "2250"]
[PlyCount "73"]
[EventDate "1996.??.??"]
[EventType "swiss"]
[EventRounds "9"]
[EventCountry "ITA"]
[SourceTitle "EXT 1999"]
[Source "ChessBase"]
[SourceDate "1998.11.16"]
[SourceVersion "1"]
[SourceVersionDate "1998.11.16"]
[SourceQuality "1"]

1. d4 d5 2. c4 c6 3. Nf3 Nf6 4. Nc3 g6 5. e3 Bg7 6. Bd3 0-0 7. 0-0 dxc4 8. Bxc4 Bg4 9. h3 Bxf3 10. Qxf3 Nbd7 11. Rd1 e5 12. d5 e4 13. Nxe4 Nxe4 14. Qxe4 Nb6 15. Rb1 Re8 16. Qd3 Nxd5 17. e4 Nb6 18. Bxf7+ Kxf7 19. Qb3+ Nd5 20. exd5 Qb6 21. Qf3+ Kg8 22. Be3 Qa5 23. dxc6 bxc6 24. Rd7 Qf5 25. Qxf5 gxf5 26. b4 Re4 27. Rxa7 Rxa7 28. Bxa7 Bd4 29. Bxd4 Rxd4 30. a4 Rd2 31. b5 cxb5 32. axb5 Rd7 33. b6 Rb7 34. Kh2 Kg7 35. Kg3 Kg6 36. Kf4 Kf6 37. Rb5 1-0

[Event "Celle Ligure op"]
[Site "Celle Ligure"]
[Date "1995.??.??"]
[Round "?"]
[White "Collareta, Giovanni"]
[Black "Caruso, Daniele"]
[Result "1-0"]
[WhiteElo "2080"]
[BlackElo "1960"]
[PlyCount "107"]
[EventDate "1995.??.??"]
[EventType "swiss"]
[EventRounds "9"]
[EventCountry "ITA"]
[SourceTitle "EXT 1999"]
[Source "ChessBase"]
[SourceDate "1998.11.16"]
[SourceVersion "1"]
[SourceVersionDate "1998.11.16"]
[SourceQuality "1"]

1. c4 Nf6 2. Nf3 g6 3. g3 Bg7 4. Bg2 0-0 5. 0-0 d6 6. Nc3 Nbd7 7. Rb1 a5 8. d3 e5 9. a3 Nc5 10. b4 axb4 11. axb4 Ne6 12. e3 Nh5 13. Qb3 Kh8 14. Bb2 f5 15. Nd2 f4 16. exf4 Nd4 17. Qd1 exf4 18. Re1 c6 19. Nce4 fxg3 20. hxg3 Ra2 21. Nc3 Ra8 22. Nb3 Nxb3 23. Qxb3 Bf5 24. Ne4 Bxb2 25. Qxb2+ Kg8 26. Ra1 Rxa1 27. Qxa1 Bxe4 28. Rxe4 Qb6 29. Qe1 Qa7 30. Re7 Qd4 31. Rxb7 Nxg3 32. Bxc6 Nh5 33. Bd5+ Kh8 34. Qe3 Qg4+ 35. Bg2 Qd1+ 36. Kh2 Qg4 37. Re7 Qh4+ 38. Kg1 Ng7 39. Re4 Qh5 40. Qd4 Qd1+ 41. Bf1 Kg8 42. Qxd6 Qd2 43. Qd5+ Kh8 44. Qd4 Qxb4 45. c5 Qxd4 46. Rxd4 Ne6 47. Rc4 Kg7 48. Bh3 Nf4 49. Bf1 Nd5 50. c6 Kf6 51. Bh3 Nc7 52. Kf1 Ke7 53. Ke2 Kd6 54. Bg2 1-0

[Event "Celle Ligure op"]
[Site "Celle Ligure"]
[Date "1995.??.??"]
[Round "?"]
[White "Collareta, Giovanni"]
[Black "Palmiotto, Fiorentino"]
[Result "1-0"]
[WhiteElo "2080"]
[BlackElo "2075"]
[PlyCount "77"]
[EventDate "1995.??.??"]
[EventType "swiss"]
[EventRounds "9"]
[EventCountry "ITA"]
[SourceTitle "EXT 1999"]
[Source "ChessBase"]
[SourceDate "1998.11.16"]
[SourceVersion "1"]
[SourceVersionDate "1998.11.16"]
[SourceQuality "1"]

1. c4 e5 2. Nc3 Nf6 3. g3 d5 4. cxd5 Nxd5 5. Nf3 Nc6 6. Bg2 Be6 7. 0-0 Be7 8. d4 Nxc3 9. bxc3 exd4 10. cxd4 Qd7 11. Qa4 0-0 12. Rb1 Rab8 13. e4 b5 14. Qd1 Bxa2 15. Ra1 Bc4 16. Re1 a5 17. d5 Rfd8 18. Bd2 Nb4 19. Ne5 Qe8 20. Rxa5 Rb6 21. Nxc4 bxc4 22. Bf1 Nd3 23. Bxd3 cxd3 24. Bc3 Rb5 25. Qxd3 c6 26. Rxb5 cxb5 27. Rb1 Rb8 28. d6 Qd7 29. Qd4 Bf8 30. e5 Qf5 31. Ra1 h5 32. h4 Rc8 33. Ra7 Rc4 34. Qe3 b4 35. Bd4 Qb1+ 36. Kh2 Qd1 37. e6 Rc1 38. exf7+ Kh8 39. Qh6# 1-0